000 00525nam a2200169Ia 4500
003 GCL
008 140319s9999 xx 000 0 ara d
040 _aGCL /
_cGCL
082 0 4 _a813.01
_bا ا
100 1 _aاحمد ابراهيم الفقيه
245 1 0 _aاختفت النجوم فاين انت /
_cاحمد ابراهيم الفقيه
260 _a[S.N] :
_bالدار العربية للكتاب ،
_c1984
490 _a
650 0 4 _aالقصص العربية
650 0 4 _aالمجموعات
942 _2ddc
_cBK
999 _c55042
_d55042